00412nam a22001457a 4500003001100000005001700011008004100028040003900069041000800108082001700116245003500133260004600168300001800214650003400232LK-CoMWRAF20240605123908.0240605b2007 |||||||| |||| 00| 0 eng d aLK-CoMWRAFdLK-CoMWRAFeLK-CoMWRAF aeng a320.092bREM aRemembering Kethesh Loganathan aLondon:bSri Lanka Democracy Forum,c2007 a126 p. photos aPOLITICAL ACTIVISTS-Sri Lanka